Tronos Semana Santa Málaga - Estadísticas

Estadísticas generales
  • Esta prueba ha sido intentada 37 veces
  • La puntuación promedio es 72 de 115
Estadísticas de respuestas
Cofradía Titular % Correcto
Sangre María Santísima de Consolación y Lágrimas
88%
Cautivo Nuestro Padre Jesús Cautivo
88%
Rico María Santísima del Amor
84%
Cena Nuestro Padre Jesús de la Sagrada Cena
84%
Lágrimas y Favores María Santísima de Lágrimas y Favores
80%
Paloma María Santísima de la Paloma
80%
Crucifixión María Santísima del Mayor Dolor en su Soledad
80%
Humildad y Paciencia María Santísima de los Dolores y Esperanza
80%
Nueva Esperanza María Santísima de Nueva Esperanza
80%
Dulce Resignación María Santísima en su Dulce Resignación y Esperanza
80%
Estudiantes Nuestra Señora de Gracia y Esperanza
80%
Santo Traslado | Sepulcro Nuestra Señora de la Soledad
80%
Fusionadas Nuestra Señora del Mayor Dolor
80%
El Sol Nuestra Señora del Sol
80%
Viñeros Nuestra Señora del Traspaso y Soledad
80%
Dulce Nombre Nuestro Padre Jesús de la Soledad
80%
Salud Santísimo Cristo de la Esperanza en su Gran Amor
80%
Amor Santísimo Cristo del Amor
80%
Salud María Santísima de la Salud
76%
Servitas María Santísima de los Dolores
76%
Dolores Puerto de la Torre | Dolores de Churriana | Dolores de San Juan Nuestra Señora de los Dolores
76%
Fusionadas Nuestro Padre Jesús de Azotes y Columna
76%
Gitanos Nuestro Padre Jesús de la Columna
76%
Prendimiento Nuestro Padre Jesús del Prendimiento
76%
Nazareno de la Salud Nuestro Padre Jesús Nazareno de la Salud
76%
Rico Nuestro Padre Jesús Nazareno titulado El Rico
76%
El Huerto Nuestro Padre Jesús Orando en el Huerto
76%
Humildad y Paciencia Santísimo Cristo de la Humildad y Paciencia
76%
Sangre Santísimo Cristo de la Sangre
76%
Vera+Cruz Santísimo Cristo de la Vera Cruz y Sangre
76%
Salutación Jesús Nazareno de la Salutación
72%
Gitanos María Santísima de la O
72%
Dulce Nombre María Santísima del Dulce Nombre
72%
San Andrés María Santísima del Mar
72%
Santa Cruz Nuestra Señora de los Dolores en su Amparo y Misericordia
72%
Pasión Nuestro Padre Jesús de la Pasión
72%
Sentencia Nuestro Padre Jesús de la Sentencia
72%
Rescate Nuestro Padre Jesús del Rescate
72%
Rocío Nuestro Padre Jesús Nazareno de los Pasos en el Monte Calvario
72%
Monte Calvario Santa María del Monte Calvario
72%
Expiración Santísimo Cristo de la Expiración
72%
Pollinica María Santísima del Amparo
68%
Cena María Santísima de la Paz
68%
Piedad Nuestra Señora de la Piedad
68%
Misericordia Nuestro Padre Jesús de la Misericordia
68%
Fusionadas Santísimo Cristo de la Exaltación
68%
Esperanza Dulce Nombre de Jesús Nazareno del Paso
64%
Medinaceli Jesús de Medinaceli
64%
Humillación María Santísima de la Estrella
64%
Pasión María Santísima del Amor Doloroso
64%
Penas María Santísima de las Penas
64%
Expiración María Santísima de los Dolores Coronada
64%
El Huerto Nuestra Señora de la Concepción
64%
Mena Nuestra Señora de la Soledad Coronada
64%
Dolores del Puente Nuestra Señora de los Dolores del Puente Coronada
64%
Sepulcro Nuestro Padre Jesús del Santo Sepulcro
64%
Viñeros Nuestro Padre Jesús Nazareno de Viñeros
64%
Estudiantes Santísimo Cristo Coronado de Espinas
64%
Zamarrilla Santísimo Cristo de los Milagros
64%
Santo Traslado Santísimo Cristo del Santo Traslado
64%
Resucitado Santísimo Cristo Resucitado
64%
Salesianos Santo Cristo de las Penas
64%
Rescate María Santísima de Gracia
60%
Zamarrilla María Santísima de la Amargura Coronada
60%
Esperanza María Santísima de la Esperanza Coronada
60%
Lágrimas del Carmen María Santísima de Lágrimas del Carmen
60%
Prendimiento María Santísima del Gran Perdón
60%
Humildad Nuestra Madre y Señora de la Merced
60%
Misericordia Nuestra Señora del Gran Poder
60%
Paloma Nuestro Padre Jesús de la Puente del Cedrón
60%
Dolores de Churriana Nuestro Padre Jesús Nazareno del Paso
60%
Mediadora Nuestro Padre Jesús Nazareno Redentor del Mundo
60%
Penas Santísimo Cristo de la Agonía
60%
Mena Santísimo Cristo de la Buena Muerte y Ánimas
60%
Mutilado Santísimo Cristo de la Clemencia
60%
Crucifixión Santísimo Cristo de la Crucifixión
60%
Cautivo María Santísima de la Trinidad Coronada
56%
Salutación María Santísima del Patrocinio Reina de los Cielos
56%
Rocío María Santísima del Rocío Coronada
56%
Resucitado María Santísima Reina de los CIelos
56%
Amor Nuestra Señora de la Caridad
56%
Pollinica Nuestro Padre Jesús en su Entrada en Jerusalén
56%
Dolores Puerto de la Torre Santísimo Cristo de la Hermandad y Caridad
56%
Nueva Esperanza Jesús Nazareno del Perdón
52%
Descendimiento María Santísima de las Angustias
52%
Desamparados Nuestra Señora de los Desamparados
52%
Carmen Doloroso Nuestra Señora Reina y Madre del Carmen Doloroso
52%
Humillación Nuestro Padre Jesús de la Humillación y Perdón
52%
Fusionadas Santísimo Cristo de Ánimas de Ciegos
52%
Humildad Santísimo Cristo de la Humildad en su Presentación al Pueblo
52%
Dolores de San Juan Santísimo Cristo de la Redención
52%
Dolores del Puente Santísimo Cristo del Perdón
52%
Despojado y Encarnación María Santísima de la Encarnación
48%
Buen Camino Nuestra Purísima Madre del Buen Camino
48%
Jesús ante Anás Nuestro Padre Jesús de la Esperanza ante Anás
48%
La Sed Santísimo Cristo de la Sed
48%
Verdad y Sagrario María Santísima del Sagrario
44%
Mediadora Nuestra Señora Mediadora de la Salvación
44%
Medinaceli María Santísima de la Candelaria
40%
Sentencia María Santísima del Rosario en sus Misterios Dolorosos
40%
Esperanza y Refugio Nuestra Señora de la Esperanza y Refugio de los Ancianos
36%
El Valle Santa María del Valle
36%
Llaga y Buena Fe Jesús Nazareno de la Llaga en el Hombro
32%
Monte Calvario Nuestra Señora de Fe y Consuelo
32%
El Tarajal Nuestro Padre Jesús Cautivo de las Misericordias
32%
Salesianos María Santísima del Auxilio
28%
Despojado y Encarnación Nuestro Padre Jesús de la Salvación Despojado de sus Vestiduras
28%
Monte Calvario Santísimo Cristo Yacente de la Paz y Unidad en el Misterio de su Sagrada Mortaja
28%
San Andrés Santísimo Cristo Luz del Mundo
24%
Las Lanzas María Santísima de la Encarnación y Amor Divino
20%
Verdad y Sagrario Nuestro Padre Jesús de la Verdad ante Caifás
20%
Descendimiento Sagrado Descendimiento de Nuestro Señor Jesucristo
20%
No se encontraron pruebas coincidentes
Distribución de puntuación
Porcentaje de gente con cada puntuación
Porcentaje por número respondido
Historial de tus puntuaciones
No has intentado esta prueba.